| 000 | 00622nam a22001337a 4500 | ||
|---|---|---|---|
| 040 | _cNUST | ||
| 082 | _a355.0217,CHO | ||
| 100 |
_aChossudovsky, Michel _930767 |
||
| 245 |
_aTowards A world war III Scenario : _bthe danger of nuclear war / _cMichel Chossudovsky |
||
| 260 |
_aCanada _bMichel Chossudovsky _c2012 |
||
| 300 | _a102 p.: | ||
| 505 | _aIntroduction (Page-10, The Dangers of Nuclear War (Page-70, America's Holy Crusade and the Battle for Oil (Page-35), Preparing for World War Three (Page-49), Targeting Iran With Nuclear Weapons (Page-59), Reversing the tide of war (Page-87). | ||
| 942 |
_2ddc _cBK _k355.0217,CHO |
||
| 999 |
_c592820 _d592820 |
||